Không gian các hàm chủ yếu giới nội Luận văn tốt nghiệp Đại học Sư phạm ngành Toán K20

Tallennettuna:
Bibliografiset tiedot
Päätekijä: Nguyễn Như Lân
Aineistotyyppi: Kirja
Kieli:Undetermined
Julkaistu: Cần Thơ Trường Đại học Cần Thơ, Khoa Sư phạm, Bộ môn Toán 1998
Tagit: Lisää tagi
Ei tageja, Lisää ensimmäinen tagi!
Thư viện lưu trữ: Trung tâm Học liệu Trường Đại học Cần Thơ
LEADER 00673nam a2200181Ia 4500
001 CTU_25062
008 210402s9999 xx 000 0 und d
082 |a 515.7 
082 |b L121/1998 
100 |a Nguyễn Như Lân 
245 0 |a Không gian các hàm chủ yếu giới nội 
245 0 |b Luận văn tốt nghiệp Đại học Sư phạm ngành Toán K20 
245 0 |c Nguyễn Như Lân 
260 |a Cần Thơ 
260 |b Trường Đại học Cần Thơ, Khoa Sư phạm, Bộ môn Toán 
260 |c 1998 
904 |i Nguyễn Quang Điền, 980910 
980 |a Trung tâm Học liệu Trường Đại học Cần Thơ